Devine le joueur avec emojis - Statistiques

Statistiques générales
  • Ce quiz a été pris 383 fois
  • Le résultat moyen est 11 sur 16
Statistiques - réponses
Emojis Joueurs % Correct
🐐🧉🇦🇷 Lionel Messi
98%
🐢🚀🇫🇷 Kylian Mbappé
97%
🎮🚑🇧🇷 Neymar Jr
93%
🏋🏻🥈🇵🇹 Cristiano Ronaldo
92%
🤖🥅🇳🇴 Erling Haaland
88%
🦷🥉🇺🇾 Luis Suarez
79%
🚑🍔🇧🇪 Eden Hazard
75%
🏌️⏝🏴󠁧󠁢󠁷󠁬󠁳󠁿 Gareth Bale
68%
🚬🟨🇮🇹 Marco Verrati
68%
🩸🥊🇵🇹 Pepe
64%
🥋🚲🇸🇪 Zlatan Ibrahimovic
59%
🦂🚜🇫🇷 Olivier Giroud
58%
📞👩🏼‍🎤🇫🇷 Antoine Griezmann
57%
🧱🍺🇩🇪 Manuel Neuer
57%
🏳️‍🌈💥🏴󠁧󠁢󠁥󠁮󠁧󠁿 Jamie Vardy
29%
🐦🕺🇧🇷 Richarlison
26%
Aucun quiz correspondant
Distribution des résultats
% des personnes avec chaque résultat
Percentile par nombre de réponses
Votre historique - résultats
Vous n’avez pas pris ce quiz